| 000 -LEADER |
| fixed length control field |
00766nam a2200217Ia 4500 |
| 001 - CONTROL NUMBER |
| control field |
20715 |
| 003 - CONTROL NUMBER IDENTIFIER |
| control field |
GE_BSU |
| 005 - DATE AND TIME OF LATEST TRANSACTION |
| control field |
20221110151734.0 |
| 008 - FIXED-LENGTH DATA ELEMENTS--GENERAL INFORMATION |
| fixed length control field |
181216s2015||||xx |||||||||||||| ||eng|| |
| 020 ## - INTERNATIONAL STANDARD BOOK NUMBER |
| International Standard Book Number |
9780199689675x |
| 040 ## - CATALOGING SOURCE |
| Transcribing agency |
GE_BSU |
| 080 ## - UNIVERSAL DECIMAL CLASSIFICATION NUMBER |
| Universal Decimal Classification number |
341.1 P-80 |
| 245 ## - TITLE STATEMENT |
| Title |
Policy-Making in the European Union / |
| Statement of responsibility, etc. |
Edited by Wallace Helen, Pollack Mark A., Young A. R. |
| 250 ## - EDITION STATEMENT |
| Edition statement |
Seventh edition |
| 264 ## - PRODUCTION, PUBLICATION, DISTRIBUTION, MANUFACTURE, AND COPYRIGHT NOTICE |
| Place of production, publication, distribution, manufacture |
Oxford : |
| Name of producer, publisher, distributor, manufacturer |
Oxford university Press, |
| Date of production, publication, distribution, manufacture, or copyright notice |
2015. |
| 300 ## - PHYSICAL DESCRIPTION |
| Extent |
574 p. ; |
| Accompanying material |
25 cm. |
| 653 ## - INDEX TERM--UNCONTROLLED |
| keyword |
Policy-Making in the European Union |
| 653 ## - INDEX TERM--UNCONTROLLED |
| keyword |
Разработка политики в Европейском Союзе |
| 653 ## - INDEX TERM--UNCONTROLLED |
| keyword |
ევროკავშირში პოლიტიკის შემუშავება |
| 942 ## - ADDED ENTRY ELEMENTS (KOHA) |
| Koha item type |
წიგნი |
| Source of classification or shelving scheme |
|